| 000 | 00444nam a22001817a 4500 | ||
|---|---|---|---|
| 003 | CEME | ||
| 005 | 20210628203328.0 | ||
| 008 | 210126b xxu||||| |||| 00| 0 eng d | ||
| 020 | _a81-219-2627-0 | ||
| 040 | _c. | ||
| 082 | _a510.24658 SAT | ||
| 100 |
_aSatyadevi, C _964205 |
||
| 245 | _aQuantitative techniques | ||
| 260 |
_aNEW DELHI _bS.CHAND _c2008 |
||
| 300 | _a678P | ||
| 650 |
_aQUANTITATIVE TECHNIQUES. _964206 |
||
| 942 |
_cBK _2ddc |
||
| 999 |
_c573157 _d573157 |
||